000 00554nam a2200169Ia 4500
008 190717s9999 xx 000 0 und d
100 _aCallanta, Hercules
245 _aMultifactorial approaches for the prevention of obesity/
245 _cHercules Callanta; Mia Fojas, Roberto Mirasol; Nemencio Nicodemus; et.al
260 _bFAME Inc.
260 _c2018
300 _aPages 16-20, July 2018
440 _aHealth and Lifestyle: Battling The Bulge
_v12/30/1899 5:07:00 PM
650 _aHealth
650 _ahealthy lifestyle
650 _aObesity
999 _c361977
_d361977